000 00650cam a2200193 4500500
005 20260329004906.0
041 _afre
042 _adc
100 1 0 _aLarmagnac-Matheron, Octave
_eauthor
245 0 0 _aQuentin Hiernaux : “Dans notre tradition, la plante est placée tout en bas de l’échelle des êtres vivants”
260 _c2021.
500 _a92
690 _aPlante
690 _aRobot
690 _aVégétal
690 _aVivant
786 0 _nPhilosophie magazine | 152 | 9 | 2021-09-01 | p. 12-12 | 1951-1787
856 4 1 _uhttps://shs.cairn.info/magazine-philosophie-magazine-2021-9-page-12?lang=fr&redirect-ssocas=7080
999 _c1838238
_d1838238